000 00637nam a22002057a 4500
003 OSt
005 20260305064926.0
008 260122b |||||||| |||| 00| 0 eng d
020 _a978-971-06-2855-1
040 _aDWCL-Main Lib
_cOC
082 _aRes. 540 M539 2008
100 _aMendoza, Estrella E
_d Religioso, Teresita F.
245 _aChemistry
260 _aQuezon City:
_bPhoenix Publishing House, Inc.,
_cc2008.
300 _axxiv, 543 p.:
_bill.;
_c26 cm.
504 _aIncludes glossary, bibliography and index.
650 _aChemistry
650 _aChemistry-study and teaching
942 _2ddc
_cBK-0 CIRC
_e3rd ed.
_n0
_mRes.
999 _c7683
_d7683